Implementing Energy Measures in Renovations for Multi-Family Dwellings : Influence and Practice of Professionals.

Bibliographic Details
Main Author: Reindl, Katharina.
Format: eBook
Language:English
Published: Linköping : Linkopings Universitet, 2017.
Edition:1st ed.
Series:Linköping Studies in Arts and Sciences Series
Subjects:
Online Access:Click to View
LEADER 02291nam a22003853i 4500
001 EBC4987501
003 MiAaPQ
005 20240729202202.0
006 m o d |
007 cr cnu||||||||
008 240729s2017 xx o ||||0 eng d
020 |a 9789176854693  |q (electronic bk.) 
035 |a (MiAaPQ)EBC4987501 
035 |a (Au-PeEL)EBL4987501 
035 |a (CaPaEBR)ebr11457300 
035 |a (OCoLC)1009212456 
040 |a MiAaPQ  |b eng  |e rda  |e pn  |c MiAaPQ  |d MiAaPQ 
100 1 |a Reindl, Katharina. 
245 1 0 |a Implementing Energy Measures in Renovations for Multi-Family Dwellings :  |b Influence and Practice of Professionals. 
250 |a 1st ed. 
264 1 |a Linköping :  |b Linkopings Universitet,  |c 2017. 
264 4 |c {copy}2017. 
300 |a 1 online resource (269 pages) 
336 |a text  |b txt  |2 rdacontent 
337 |a computer  |b c  |2 rdamedia 
338 |a online resource  |b cr  |2 rdacarrier 
490 1 |a Linköping Studies in Arts and Sciences Series ;  |v v.720 
505 0 |a Intro -- Table of contents -- Figures -- Tables -- Acknowledgements -- Chapter 1. Introduction - approaching energy efficiency in building renovations -- Chapter 2. Middle-out perspective and social practice theory - analytical framework -- Chapter 3. Methodology and material -- Chapter 4. Setting the scene for renovation projects -- Chapter 5. Locating the middle of the planning and design phase -- Chapter 6. Energy efficiency in the project group's meeting practice -- Chapter 7. Where there is a middle, there is a top and a bottom -- Chapter 8. Discussion and conclusions -- Summary -- Bibliography -- Appendix. 
588 |a Description based on publisher supplied metadata and other sources. 
590 |a Electronic reproduction. Ann Arbor, Michigan : ProQuest Ebook Central, 2024. Available via World Wide Web. Access may be limited to ProQuest Ebook Central affiliated libraries.  
655 4 |a Electronic books. 
776 0 8 |i Print version:  |a Reindl, Katharina  |t Implementing Energy Measures in Renovations for Multi-Family Dwellings  |d Linköping : Linkopings Universitet,c2017 
797 2 |a ProQuest (Firm) 
830 0 |a Linköping Studies in Arts and Sciences Series 
856 4 0 |u https://ebookcentral.proquest.com/lib/matrademy/detail.action?docID=4987501  |z Click to View